Nursery school bulletin boards ; extending the learning environment /

Bibliographic Details
Main Author: Cherry, Clare
Format: Book
Language:English
Published: Belmont, Calif. : Lear Siegler/Fearon, [1973]
Subjects:

MARC

Tag First Indicator Second Indicator Subfields
LEADER 00000cam a2200000 i 4500
001 in00000194413
005 20151009051006.0
008 740719s1973 caua 00010 eng d
020 |a 082244786X 
035 |a (OCoLC)00951861 
035 |9 AAV2867AM 
040 |a PGP  |c PGP  |d TXA  |d UtOrBLW 
049 |a TXAM  |c 1 [1372784]  |c 2 [1372785] 
090 |a LB1043.5  |b .C4 
100 1 |a Cherry, Clare. 
245 1 0 |a Nursery school bulletin boards ;  |b extending the learning environment /  |c Clare Cherry ; photography by Samuel A. Cherry. 
264 1 |a Belmont, Calif. :  |b Lear Siegler/Fearon,  |c [1973] 
264 4 |c ©1973 
300 |a 44 pages :  |b illustrations 
336 |a text  |b txt  |2 rdacontent 
337 |a unmediated  |b n  |2 rdamedia 
338 |a volume  |b nc  |2 rdacarrier 
650 0 |a Bulletin boards. 
999 |a MARS 
999 f f |s d3e458e8-4232-3c53-8e4c-417d39485276  |i e5016f70-c707-3ab6-b1b1-2f2044a1a920  |t 0 
952 f f |p normal  |a Texas A&M University  |b College Station  |c Sterling C. Evans Library  |s Evans stk  |d Evans: Library Stacks  |t 0  |e LB1043.5 .C4  |h Library of Congress classification  |i unmediated -- volume  |m A14803244464 
998 f f |a LB1043.5 .C4  |t 0  |l Evans: Library Stacks